The curriculum of the Horace Mann Elementary School /

Bibliographic Details
Corporate Author: Columbia University. Teachers College. Horace Mann School
Format: Book
Language:English
Published: New York City : Teachers College, Columbia University, 1917.
Subjects:

MARC

Tag First Indicator Second Indicator Subfields
LEADER 00000cam a2200000 4500
001 in00000077390
005 20151008052734.0
008 780201s1917 nyua 00010 engmc
010 |a e 18000145  
035 |a (OCoLC)03595827 
035 |9 AAH4684AM 
040 |a U.S. Off. of Educ. Library  |c AZN  |d AZN  |d TXA  |d UtOrBLW 
043 |a n-us-ny 
049 |a TXAM  |c [30654] 
050 0 |a LB1570  |b .C72 1917 
092 |a 372  |b C726cu 
110 2 |a Columbia University.  |b Teachers College.  |b Horace Mann School. 
245 1 4 |a The curriculum of the Horace Mann Elementary School /  |c by the teachers of the Horace Mann Elementary School, Teachers College, Columbia University. 
264 1 |a New York City :  |b Teachers College, Columbia University,  |c 1917. 
300 |a iv, 138 pages :  |b illustrations ;  |c 24 cm. 
336 |a text  |b txt  |2 rdacontent 
337 |a unmediated  |b n  |2 rdamedia 
338 |a volume  |b nc  |2 rdacarrier 
610 2 0 |a Columbia University.  |b Teachers College.  |b Horace Mann School  |x Curricula. 
650 0 |a Education  |x Curricula. 
999 |a MARS 
999 f f |s bb443d2e-112d-3553-a17d-d9a93ae22311  |i 6ccfa634-5b15-333d-8219-055910ecaf70  |t 0 
952 f f |p normal  |a Texas A&M University  |b College Station  |c Sterling C. Evans Library  |d Evans: Library Stacks  |t 0  |e LB1570 .C72 1917  |h Library of Congress classification  |i unmediated -- volume  |m A14800848293 
998 f f |a LB1570 .C72 1917  |t 0  |l Evans: Library Stacks